000 00409nam a2200181Ia 4500
100 _aKrar/Steve F/ Gill/A.R
650 _aMachine Tools
250 _a6
942 _cBK
366 _f20
654 _amachine tools
245 _aTechnology of machine tools
260 _bMcGraw Hill International
_aNew Delhi
_c2005
082 _a621.902/KRA
_bKRA
300 _a918
546 _aENGLISH
999 _c21156
_d21156